| 000 | 00458nam a22001817a 4500 | ||
|---|---|---|---|
| 003 | OSt | ||
| 005 | 20260217143118.0 | ||
| 008 | 260217b |||||||| |||| 00| 0 eng d | ||
| 020 | _a9789371973069 | ||
| 082 |
_a320.54 _bKRIW |
||
| 100 | _aKrishna, T.M. | ||
| 245 | _aWe, the people of the India: decoding a nation's symbols | ||
| 260 |
_aChennai _bContext _c2026 |
||
| 300 | _a468p | ||
| 546 | _aEnglish | ||
| 650 | _aPolitical Science | ||
| 942 |
_2ddc _cBK |
||
| 999 |
_c3947 _d3947 |
||